[Event "Titled Tuesday intern op 11th Apr Early"]
[Site "Chess.com INT"]
[Date "2023.04.11"]
[Round "4"]
[White "Gabdrakhmanov, Azat"]
[Black "Martinez Alcantara, Jose Eduardo"]
[Result "0-1"]
[WhiteElo "2316"]
[BlackElo "2607"]
[PlyCount "66"]
[EventDate "2023.04.11"]
[EventType "swiss (blitz)"]
[EventRounds "11"]
[EventCountry "USA"]
[SourceTitle "CBM 213 Extra"]
[Source "ChessBase"]
[SourceDate "2023.05.31"]
[SourceVersion "1"]
[SourceVersionDate "2023.05.31"]
[SourceQuality "1"]

1. e4 Nc6 2. Nf3 d6 3. d4 Nf6 4. d5 Nb8 5. Nc3 g6 6. Be2 Bg7 7. 0-0 0-0 8. Re1 c6 9. Bf1 Bg4 10. h3 Bxf3 11. Qxf3 Nbd7 12. Bf4 Rc8 13. Rad1 Qb6 14. Rb1 Qa5 15. a3 a6 16. b4 Qc7 17. Rbc1 c5 18. b5 c4 19. a4 Nc5 20. e5 Nfd7 21. exd6 exd6 22. Rb1 Ne5 23. Qg3 Qa5 24. Re3 Nxa4 25. Nxa4 Qxa4 26. bxa6 bxa6 27. Rc1 Qa5 28. Ra3 Qb5 29. Rca1 Qxd5 30. Rxa6 Rfd8 31. R6a5 Qe4 32. R5a4 Qxc2 33. R4a2 Qf5 0-1

[Event "Titled Tuesday intern op 04th Apr Early"]
[Site "Chess.com INT"]
[Date "2023.04.04"]
[Round "1"]
[White "Gabdrakhmanov, Azat"]
[Black "Antonio, Jorge Carlos"]
[Result "0-1"]
[WhiteElo "2316"]
[BlackElo "2277"]
[PlyCount "134"]
[EventDate "2023.04.04"]
[EventType "swiss (blitz)"]
[EventRounds "11"]
[EventCountry "USA"]
[SourceTitle "EXT 2024"]
[Source "ChessBase"]
[SourceDate "2023.10.10"]
[SourceVersion "1"]
[SourceVersionDate "2023.10.10"]
[SourceQuality "1"]

1. e4 c5 2. Nf3 e6 3. d4 cxd4 4. Nxd4 a6 5. c4 Nc6 6. Nc3 Qc7 7. Be2 Nf6 8. 0-0 Bb4 9. Nxc6 bxc6 10. Bd3 0-0 11. Ne2 d5 12. Qc2 dxe4 13. Bxe4 Bd6 14. h3 Nxe4 15. Qxe4 Bb7 16. Bf4 e5 17. Bd2 c5 18. Qh4 f5 19. Nc3 Rae8 20. Nd5 Bxd5 21. cxd5 e4 22. Bc3 Qf7 23. Rae1 Qg6 24. f4 Qf7 25. Qf2 Qxd5 26. Rd1 Qc6 27. Qg3 Rf7 28. h4 c4 29. h5 Bc5+ 30. Kh2 e3 31. Rfe1 Bb6 32. Be5 Re6 33. Qg5 Qe8 34. Rxe3 Bxe3 35. Rd8 Rxe5 36. Rxe8+ Rxe8 37. h6 g6 38. Qg3 Re4 39. Qf3 Bxf4+ 40. g3 Bxh6 41. Qc3 Bg7 42. Qb4 Rfe7 43. Qb8+ Re8 44. Qd6 Re2+ 45. Kh3 R2e6 46. Qd5 Kh8 47. Qxc4 Re4 48. Qd5 f4 49. gxf4 Rxf4 50. Qc6 Rff8 51. a4 Re5 52. Qg2 Ref5 53. Qc6 Rf3+ 54. Kg4 R8f4+ 55. Kg5 Rf5+ 56. Kg4 R3f4+ 57. Kg3 Rf3+ 58. Kg2 Rf2+ 59. Kg3 R2f3+ 60. Kg2 Rf2+ 61. Kg3 Be5+ 62. Kg4 R2f4+ 63. Kh3 Rf3+ 64. Kg4 R3f4+ 65. Kh3 Rg5 66. Qe8+ Kg7 67. Qe6 Kh6 0-1

[Event "Titled Tuesday intern op 04th Apr Early"]
[Site "Chess.com INT"]
[Date "2023.04.04"]
[Round "9"]
[White "Gabdrakhmanov, Azat"]
[Black "Cherniaiev, Tykhon"]
[Result "0-1"]
[WhiteElo "2316"]
[BlackElo "2330"]
[PlyCount "118"]
[EventDate "2023.04.04"]
[EventType "swiss (blitz)"]
[EventRounds "11"]
[EventCountry "USA"]
[SourceTitle "EXT 2024"]
[Source "ChessBase"]
[SourceDate "2023.10.10"]
[SourceVersion "1"]
[SourceVersionDate "2023.10.10"]
[SourceQuality "1"]

1. e4 e5 2. Nf3 Nc6 3. Bb5 Nf6 4. d3 Bc5 5. c3 d5 6. Nbd2 0-0 7. 0-0 Bg4 8. h3 Bxf3 9. Qxf3 a6 10. Ba4 b5 11. Bb3 d4 12. a3 Qd6 13. Re1 Rad8 14. Bc2 Bb6 15. Nf1 dxc3 16. bxc3 Ba5 17. Bb2 Qc5 18. Rac1 Rfe8 19. Bb3 Qe7 20. Red1 Bb6 21. Ne3 Bxe3 22. Qxe3 Rd7 23. f3 Red8 24. d4 Na5 25. Ba2 exd4 26. cxd4 c5 27. d5 Nb7 28. Qf2 c4 29. Bd4 Qxa3 30. Ra1 Qe7 31. Bb1 a5 32. Bc2 a4 33. Rdb1 Nxd5 34. exd5 Rxd5 35. Be3 f5 36. Rd1 Rxd1+ 37. Rxd1 Rxd1+ 38. Bxd1 a3 39. Qd2 Qd6 40. Qc2 a2 41. Qxa2 Qxd1+ 42. Kh2 Qd6+ 43. f4 Qb8 44. Qa6 Nd6 45. Ba7 Qc7 46. Bb6 Qc6 47. Qa7 h6 48. Qb8+ Kh7 49. Bd4 Ne4 50. Qa7 Qg6 51. g4 fxg4 52. f5 Qd6+ 53. Kh1 Ng3+ 54. Kg2 Nxf5 55. Bf2 Qd5+ 56. Kg1 gxh3 57. Kf1 h2 58. Ke2 h1Q 59. Be1 Qhf3# 0-1

[Event "Titled Tuesday intern op 04th Apr Early"]
[Site "Chess.com INT"]
[Date "2023.04.04"]
[Round "11"]
[White "Gabdrakhmanov, Azat"]
[Black "Topalov, Aleksandar"]
[Result "1-0"]
[WhiteElo "2316"]
[BlackElo "2233"]
[PlyCount "137"]
[EventDate "2023.04.04"]
[EventType "swiss (blitz)"]
[EventRounds "11"]
[EventCountry "USA"]
[SourceTitle "EXT 2024"]
[Source "ChessBase"]
[SourceDate "2023.10.10"]
[SourceVersion "1"]
[SourceVersionDate "2023.10.10"]
[SourceQuality "1"]

1. e4 e6 2. d4 d5 3. e5 Ne7 4. Nf3 Qd7 5. Bd3 b6 6. 0-0 Ba6 7. Bxa6 Nxa6 8. c3 c5 9. a4 Nf5 10. a5 b5 11. Re1 Be7 12. Bf4 0-0 13. Qd3 cxd4 14. Nxd4 Nxd4 15. cxd4 Nb4 16. Qd2 Rac8 17. Nc3 a6 18. Re3 f5 19. exf6 Bxf6 20. Rae1 Rfe8 21. Be5 Bxe5 22. Rxe5 Rc4 23. b3 Rcc8 24. Ne4 Nc2 25. Nc5 Rxc5 26. dxc5 Nxe1 27. Qxe1 d4 28. Qd2 d3 29. Re3 Rd8 30. h3 Qd5 31. c6 Qxc6 32. Rxd3 Rxd3 33. Qxd3 Qc1+ 34. Kh2 Qf4+ 35. Kg1 Qc1+ 36. Qf1 Qc3 37. Qd1 Qxa5 38. g3 Qc7 39. Qe2 Qd6 40. Qf3 Qd5 41. Qc3 Kf7 42. h4 h5 43. b4 e5 44. Qc7+ Kg6 45. Qb6+ Kf5 46. Qxa6 Qd1+ 47. Kg2 Qd5+ 48. Kh2 Qf3 49. Qc8+ Kg6 50. Qe6+ Kh7 51. Kg1 Qd1+ 52. Kg2 Qd4 53. Qf5+ g6 54. Qf7+ Kh6 55. Qf8+ Kh7 56. Qe7+ Kh6 57. Qc5 Qe4+ 58. Kh2 Qe2 59. Kg2 Kh7 60. Qc7+ Kh6 61. Qd8 Kh7 62. Qc7+ Kh6 63. Qb8 Kh7 64. Qb7+ Kh6 65. Qa8 Kh7 66. Qf3 Qe1 67. Qe3 Qxe3 68. fxe3 e4 69. g4 1-0

[Event "Titled Tuesday intern op 04th Apr Early"]
[Site "Chess.com INT"]
[Date "2023.04.04"]
[Round "2"]
[White "Itkis, Boris"]
[Black "Gabdrakhmanov, Azat"]
[Result "0-1"]
[WhiteElo "2329"]
[BlackElo "2316"]
[PlyCount "44"]
[EventDate "2023.04.04"]
[EventType "swiss (blitz)"]
[EventRounds "11"]
[EventCountry "USA"]
[SourceTitle "EXT 2024"]
[Source "ChessBase"]
[SourceDate "2023.10.10"]
[SourceVersion "1"]
[SourceVersionDate "2023.10.10"]
[SourceQuality "1"]

1. d4 Nf6 2. c4 g6 3. Nc3 Bg7 4. e4 0-0 5. f3 d6 6. Nge2 a6 7. Be3 c6 8. Qd2 b5 9. g4 Nbd7 10. Ng3 e5 11. d5 cxd5 12. cxd5 Nc5 13. 0-0-0 b4 14. Nce2 Bd7 15. Kb1 Rc8 16. h4 Qa5 17. h5 Ba4 18. Rc1 Nb3 19. axb3 Bxb3 20. Nc3 bxc3 21. bxc3 Rb8 22. c4 Bd1+ 0-1

[Event "Titled Tuesday intern op 04th Apr Early"]
[Site "Chess.com INT"]
[Date "2023.04.04"]
[Round "5"]
[White "Zhao, Jun"]
[Black "Gabdrakhmanov, Azat"]
[Result "1-0"]
[WhiteElo "2591"]
[BlackElo "2316"]
[PlyCount "85"]
[EventDate "2023.04.04"]
[EventType "swiss (blitz)"]
[EventRounds "11"]
[EventCountry "USA"]
[SourceTitle "EXT 2024"]
[Source "ChessBase"]
[SourceDate "2023.10.10"]
[SourceVersion "1"]
[SourceVersionDate "2023.10.10"]
[SourceQuality "1"]

1. Nf3 c5 2. g3 b6 3. Bg2 Bb7 4. 0-0 Nf6 5. c4 e6 6. Nc3 Be7 7. d4 cxd4 8. Qxd4 0-0 9. Rd1 Na6 10. b3 Qc8 11. Bb2 Rd8 12. Rac1 d6 13. e4 Nc5 14. Re1 a6 15. Nd2 Qc7 16. h3 Rac8 17. Qe3 Bc6 18. b4 Ncd7 19. Nd5 Bxd5 20. cxd5 Qb8 21. dxe6 fxe6 22. Qb3 Nf8 23. e5 dxe5 24. Rxc8 Qxc8 25. Nc4 b5 26. Nxe5 Nd5 27. Rc1 Qb7 28. Nc6 Rd6 29. Nxe7+ Qxe7 30. Bd4 Rd7 31. Rc8 Rd8 32. Bc5 Qd7 33. Rxd8 Qxd8 34. a4 h6 35. a5 Ng6 36. Kh2 Ne5 37. f4 Nc4 38. Qd3 Qd7 39. f5 exf5 40. Qxd5+ Qxd5 41. Bxd5+ Kh7 42. Bxc4 bxc4 43. b5 1-0

[Event "St Petersburg-ch 96th"]
[Site "St Petersburg"]
[Date "2023.03.24"]
[Round "7"]
[White "Epishin, Vladimir"]
[Black "Gabdrakhmanov, Azat"]
[Result "1/2-1/2"]
[WhiteElo "2450"]
[BlackElo "2319"]
[PlyCount "105"]
[EventDate "2023.03.18"]
[EventType "swiss"]
[EventRounds "9"]
[EventCountry "RUS"]
[SourceTitle "CBM 213 Extra"]
[Source "ChessBase"]
[SourceDate "2023.05.31"]
[SourceVersion "1"]
[SourceVersionDate "2023.05.31"]
[SourceQuality "1"]

1. Nf3 Nf6 2. g3 b6 3. Bg2 Bb7 4. c4 c5 5. 0-0 e6 6. Re1 Be7 7. Nc3 d6 8. e4 a6 9. a4 0-0 10. d4 cxd4 11. Nxd4 Qc7 12. b3 Nbd7 13. h3 Rac8 14. Ra2 Rfe8 15. Rae2 Bf8 16. Kh2 g6 17. f4 e5 18. Nc2 exf4 19. gxf4 Nh5 20. Nb4 Qd8 21. Nbd5 Qh4 22. Be3 Bh6 23. Qd2 Nc5 24. b4 Bxd5 25. Nxd5 Nxe4 26. Bf2 Qxf2 27. Rxf2 Nxd2 28. Rxe8+ Rxe8 29. Rxd2 Re1 30. Bf3 Nxf4 31. Nf6+ Kg7 32. Rxd6 Bg5 33. Nd5 Nxd5 34. Rxd5 Be7 35. a5 bxa5 36. Rxa5 Bxb4 37. Rxa6 f5 38. Rb6 Be7 39. Bd5 Rc1 40. Rb7 Kf6 41. h4 Bd6+ 42. Kg2 Rc2+ 43. Kf1 h5 44. Rb6 Ke5 45. Bf7 Rc1+ 46. Ke2 Rg1 47. c5 Bxc5 48. Rxg6 Rg4 49. Rg5 Kf6 50. Rxh5 Bf8 51. Bb3 Kg6 52. Rg5+ Rxg5 53. hxg5 1/2-1/2

[Event "Titled Tuesday intern op 7th Mar Early"]
[Site "Chess.com INT"]
[Date "2023.03.07"]
[Round "2"]
[White "Gabdrakhmanov, Azat"]
[Black "Volkov, Sergey"]
[Result "0-1"]
[WhiteElo "2319"]
[BlackElo "2453"]
[PlyCount "60"]
[EventDate "2023.03.07"]
[EventType "swiss (blitz)"]
[EventRounds "11"]
[EventCountry "USA"]
[SourceTitle "EXT 2024"]
[Source "ChessBase"]
[SourceDate "2023.10.10"]
[SourceVersion "1"]
[SourceVersionDate "2023.10.10"]
[SourceQuality "1"]

1. e4 e6 2. d4 d5 3. e5 c5 4. c3 Qb6 5. Nf3 Bd7 6. a3 Bb5 7. c4 Bxc4 8. Bxc4 dxc4 9. d5 Qb3 10. 0-0 Qxd1 11. Rxd1 exd5 12. Rxd5 Nd7 13. Bg5 h6 14. Bh4 g5 15. Bg3 Ne7 16. Rd1 Nc6 17. Nbd2 g4 18. Nh4 Ndxe5 19. Ne4 Be7 20. Nf5 b6 21. Rd5 f6 22. Nfd6+ Kf8 23. Rad1 h5 24. Bh4 Rh6 25. Nf5 Rg6 26. Nxe7 Kxe7 27. Rd6 Rf8 28. Kf1 Nd4 29. f4 gxf3 30. gxf3 Nf5 0-1

[Event "Titled Tuesday intern op 7th Mar Early"]
[Site "Chess.com INT"]
[Date "2023.03.07"]
[Round "7"]
[White "Shevtchenko, Olesya"]
[Black "Gabdrakhmanov, Azat"]
[Result "0-1"]
[WhiteElo "2054"]
[BlackElo "2319"]
[PlyCount "56"]
[EventDate "2023.03.07"]
[EventType "swiss (blitz)"]
[EventRounds "11"]
[EventCountry "USA"]
[SourceTitle "EXT 2024"]
[Source "ChessBase"]
[SourceDate "2023.10.10"]
[SourceVersion "1"]
[SourceVersionDate "2023.10.10"]
[SourceQuality "1"]

1. h4 e5 2. h5 Nc6 3. e4 Nf6 4. h6 gxh6 5. d3 d5 6. exd5 Qxd5 7. Nc3 Bb4 8. Bxh6 Bg4 9. Qd2 Bxc3 10. bxc3 0-0-0 11. Bg7 Ne4 12. Qe3 Nxc3 13. Bxh8 Rxh8 14. Ne2 Bxe2 15. Bxe2 Nd4 16. Bd1 Kb8 17. Qg3 a6 18. Qg7 Re8 19. Rxh7 e4 20. Rh8 Rxh8 21. Qxh8+ Ka7 22. dxe4 Qxe4+ 23. Kf1 Nxd1 24. Kg1 Nc3 25. Kh1 Nce2 26. c3 Nf5 27. Qh2 Qd3 28. Re1 Nxc3 0-1

[Event "Titled Tuesday intern op 7th Mar Early"]
[Site "Chess.com INT"]
[Date "2023.03.07"]
[Round "5"]
[White "Tymrakiewicz, Rafal"]
[Black "Gabdrakhmanov, Azat"]
[Result "1-0"]
[WhiteElo "2148"]
[BlackElo "2319"]
[PlyCount "121"]
[EventDate "2023.03.07"]
[EventType "swiss (blitz)"]
[EventRounds "11"]
[EventCountry "USA"]
[SourceTitle "EXT 2024"]
[Source "ChessBase"]
[SourceDate "2023.10.10"]
[SourceVersion "1"]
[SourceVersionDate "2023.10.10"]
[SourceQuality "1"]

1. e4 c5 2. d4 cxd4 3. c3 dxc3 4. Nxc3 e6 5. Nf3 Nc6 6. Bc4 Be7 7. 0-0 d6 8. Qe2 Nf6 9. Rd1 e5 10. Bg5 0-0 11. h3 a6 12. Rac1 Na5 13. Bxf6 Bxf6 14. Bd5 Bd7 15. b4 Nc6 16. a3 Rc8 17. Qd3 Qb6 18. Ba2 Nd4 19. Nxd4 Qxd4 20. Qxd4 exd4 21. Nd5 Bg5 22. f4 Bd8 23. Rxc8 Bxc8 24. Rxd4 Re8 25. Kf2 Kf8 26. Kf3 Bd7 27. g4 Bc6 28. Rd2 h6 29. Bb3 g6 30. Rc2 Bh4 31. Rc1 Kg7 32. a4 Bd8 33. Rc2 g5 34. f5 Bd7 35. Rc1 Bc6 36. Rc2 Bf6 37. b5 axb5 38. axb5 Bxb5 39. Nc7 Re5 40. Bd5 Bc6 41. Ra2 Bxd5 42. Nxd5 Bd8 43. Rb2 b6 44. Rc2 Re8 45. Rc8 Rf8 46. Rb8 Re8 47. Ra8 Kf8 48. f6 b5 49. Rb8 Bxf6 50. Rxe8+ Kxe8 51. Nxf6+ Ke7 52. Nd5+ Ke6 53. Nc7+ Ke5 54. Nxb5 d5 55. exd5 Kxd5 56. Nc3+ Ke5 57. Ne2 f5 58. Ng3 fxg4+ 59. hxg4 Kd5 60. Nf5 Ke5 61. Nxh6 1-0

[Event "Titled Tuesday intern op 28th Feb Early"]
[Site "Chess.com INT"]
[Date "2023.02.28"]
[Round "1"]
[White "Bulatova, Kamaliya"]
[Black "Gabdrakhmanov, Azat"]
[Result "0-1"]
[WhiteElo "2129"]
[BlackElo "2319"]
[PlyCount "51"]
[EventDate "2023.02.28"]
[EventType "swiss (blitz)"]
[EventRounds "11"]
[EventCountry "USA"]
[SourceTitle "CBM 213 Extra"]
[Source "ChessBase"]
[SourceDate "2023.05.31"]
[SourceVersion "1"]
[SourceVersionDate "2023.05.31"]
[SourceQuality "1"]

1. d4 Nf6 2. c4 g6 3. Nc3 Bg7 4. e4 0-0 5. Be2 d6 6. f3 a6 7. Be3 c6 8. Qd2 b5 9. cxb5 axb5 10. Bd3 Nbd7 11. Nge2 b4 12. Nd1 c5 13. 0-0 cxd4 14. Nxd4 Nc5 15. Nc6 Qc7 16. Nxb4 Be6 17. Nc3 Rfb8 18. Nb5 Qa5 19. Rad1 Nxd3 20. Qxd3 Qxb4 21. Nc7 Bc4 22. Qd4 Rxa2 23. Rf2 Ng4 24. Qd2 Nxf2 25. Qxb4 Rxb4 26. Bxf2 0-1

[Event "Titled Tuesday intern op 28th Feb Early"]
[Site "Chess.com INT"]
[Date "2023.02.28"]
[Round "4"]
[White "Matlakov, Maxim"]
[Black "Gabdrakhmanov, Azat"]
[Result "1-0"]
[WhiteElo "2662"]
[BlackElo "2319"]
[PlyCount "49"]
[EventDate "2023.02.28"]
[EventType "swiss (blitz)"]
[EventRounds "11"]
[EventCountry "USA"]
[SourceTitle "CBM 213 Extra"]
[Source "ChessBase"]
[SourceDate "2023.05.31"]
[SourceVersion "1"]
[SourceVersionDate "2023.05.31"]
[SourceQuality "1"]

1. e4 c5 2. Nf3 e6 3. c3 d5 4. e5 d4 5. d3 Nc6 6. g3 Nge7 7. Bg2 Ng6 8. Qe2 Be7 9. 0-0 Qc7 10. Re1 Bd7 11. h4 h5 12. Na3 dxc3 13. bxc3 0-0-0 14. Rb1 f6 15. Nb5 Qb8 16. d4 a6 17. Nd6+ Bxd6 18. exd6 Qxd6 19. dxc5 Qxc5 20. Be3 Qa3 21. Nd4 Nge7 22. Rb3 Qd6 23. Reb1 e5 24. Rxb7 Na5 25. R7b6 1-0

[Event "Titled Tuesday intern op 27th Dec Early"]
[Site "Chess.com INT"]
[Date "2022.12.27"]
[Round "7"]
[White "Gabdrakhmanov, Azat"]
[Black "Guliev, Logman"]
[Result "1-0"]
[WhiteElo "2319"]
[BlackElo "2261"]
[PlyCount "113"]
[EventDate "2022.12.27"]
[EventType "swiss (blitz)"]
[EventRounds "11"]
[EventCountry "USA"]
[SourceTitle "EXT 2024"]
[Source "ChessBase"]
[SourceDate "2023.10.10"]
[SourceVersion "1"]
[SourceVersionDate "2023.10.10"]
[SourceQuality "1"]

1. e4 c5 2. Nf3 Nc6 3. d4 cxd4 4. Nxd4 Nf6 5. Nc3 d6 6. Bg5 e6 7. Qd2 a6 8. 0-0-0 Bd7 9. f4 Qc7 10. Nxc6 Bxc6 11. Bd3 b5 12. Rhe1 Be7 13. e5 dxe5 14. fxe5 Nd5 15. Bxe7 Qxe7 16. Ne4 0-0 17. Kb1 Nb4 18. Nf6+ gxf6 19. exf6 Qxf6 20. Qxb4 Kh8 21. Rf1 Qg5 22. g4 Rad8 23. a3 Qg7 24. Qc5 Bd5 25. Rg1 Rc8 26. Qb4 Bc4 27. Rg3 Bxd3 28. Rgxd3 Rc4 29. Qe7 Rcc8 30. h3 Qg6 31. Rc3 Kg7 32. Rc7 Rfe8 33. Qc5 Rcd8 34. Qe5+ Qf6 35. Qxf6+ Kxf6 36. Rf1+ Kg6 37. Rfxf7 Rd1+ 38. Ka2 e5 39. Rxh7 e4 40. Rhe7 Rxe7 41. Rxe7 Re1 42. h4 Kf6 43. Re8 Kf7 44. Re5 Kf6 45. Rf5+ Ke6 46. Kb3 Re3+ 47. c3 Rf3 48. Kc2 Rg3 49. Rf2 Rxg4 50. Rh2 Rg3 51. h5 Rg7 52. h6 Rh7 53. Kd2 Ke5 54. Ke3 Kd5 55. b3 a5 56. Rh5+ Kd6 57. Rxb5 1-0

[Event "Titled Tuesday intern op 13th Dec Early"]
[Site "Chess.com INT"]
[Date "2022.12.13"]
[Round "4"]
[White "Gabdrakhmanov, Azat"]
[Black "Paterek, Michal"]
[Result "1-0"]
[WhiteElo "2319"]
[BlackElo "2307"]
[PlyCount "117"]
[EventDate "2022.12.13"]
[EventType "swiss (blitz)"]
[EventRounds "11"]
[EventCountry "USA"]
[SourceTitle "EXT 2024"]
[Source "ChessBase"]
[SourceDate "2023.10.10"]
[SourceVersion "1"]
[SourceVersionDate "2023.10.10"]
[SourceQuality "1"]

1. e4 c6 2. d4 d5 3. e5 Bf5 4. Nf3 e6 5. Be2 Nd7 6. 0-0 h6 7. b3 Ne7 8. c4 Ng6 9. Nc3 Bb4 10. Bd2 Ba3 11. Bc1 Bb4 12. Nb1 0-0 13. a3 Ba5 14. Be3 f6 15. exf6 Nxf6 16. Nbd2 Ng4 17. h3 Nxe3 18. fxe3 Nh4 19. b4 Bc7 20. Qe1 Nxf3+ 21. Nxf3 Qe7 22. Qh4 Qxh4 23. Nxh4 Be4 24. Nf3 Rf7 25. Nd2 Bh7 26. Rxf7 Kxf7 27. Re1 Rf8 28. Bf3 Ke7 29. c5 Bg3 30. Rc1 e5 31. Nf1 Bh4 32. dxe5 Ke6 33. Nh2 Kxe5 34. Ng4+ Ke6 35. Nf2 a5 36. Rd1 axb4 37. axb4 Ra8 38. b5 Ra2 39. Nd3 g5 40. bxc6 bxc6 41. Nb4 Rb2 42. Nxc6 Bf2+ 43. Kh1 Bxe3 44. Nd4+ Bxd4 45. Rxd4 Be4 46. Bxe4 dxe4 47. Rxe4+ Kd5 48. Re7 Kxc5 49. Re6 Rb6 50. Rxb6 Kxb6 51. Kh2 Kc5 52. Kg3 h5 53. h4 gxh4+ 54. Kxh4 Kd5 55. Kxh5 Ke6 56. Kg6 Ke7 57. Kg7 Ke6 58. g4 Ke5 59. g5 1-0

[Event "Titled Tuesday intern op 13th Dec Early"]
[Site "Chess.com INT"]
[Date "2022.12.13"]
[Round "8"]
[White "Gabdrakhmanov, Azat"]
[Black "Yurasova, Daria"]
[Result "1-0"]
[WhiteElo "2319"]
[BlackElo "2032"]
[PlyCount "69"]
[EventDate "2022.12.13"]
[EventType "swiss (blitz)"]
[EventRounds "11"]
[EventCountry "USA"]
[SourceTitle "EXT 2024"]
[Source "ChessBase"]
[SourceDate "2023.10.10"]
[SourceVersion "1"]
[SourceVersionDate "2023.10.10"]
[SourceQuality "1"]

1. e4 e5 2. Nf3 Nc6 3. Bb5 a6 4. Ba4 Nf6 5. 0-0 b5 6. Bb3 Bc5 7. c3 d6 8. d4 Bb6 9. Bg5 h6 10. Bh4 Bb7 11. Qd3 Qe7 12. Nbd2 Na5 13. Bc2 Nc6 14. d5 Nb8 15. a4 bxa4 16. Bxa4+ Kf8 17. Bxf6 Qxf6 18. Nc4 Kg8 19. Nxb6 cxb6 20. Bc6 Qe7 21. Bxb7 Qxb7 22. Nh4 g6 23. f4 exf4 24. Rxf4 Nd7 25. Raf1 Ne5 26. Qg3 Qe7 27. Nf5 Qd7 28. Kh1 Kh7 29. Nxd6 Rhf8 30. Rf6 Qe7 31. Qh4 Ra7 32. Nf5 gxf5 33. Rxh6+ Kg7 34. Rh7+ Kg6 35. Qh6# 1-0

[Event "Titled Tuesday intern op 13th Dec Early"]
[Site "Chess.com INT"]
[Date "2022.12.13"]
[Round "9"]
[White "Madaminov, Mukhiddin"]
[Black "Gabdrakhmanov, Azat"]
[Result "0-1"]
[WhiteElo "2438"]
[BlackElo "2319"]
[PlyCount "156"]
[EventDate "2022.12.13"]
[EventType "swiss (blitz)"]
[EventRounds "11"]
[EventCountry "USA"]
[SourceTitle "EXT 2024"]
[Source "ChessBase"]
[SourceDate "2023.10.10"]
[SourceVersion "1"]
[SourceVersionDate "2023.10.10"]
[SourceQuality "1"]

1. d4 Nf6 2. Nc3 d5 3. Bf4 g6 4. Qd2 Bg7 5. 0-0-0 0-0 6. Bh6 Bxh6 7. Qxh6 c5 8. dxc5 Qa5 9. Nf3 Ng4 10. Qh4 Qxc5 11. e3 Rd8 12. Ne4 Qa5 13. Neg5 h6 14. Nxf7 Kxf7 15. h3 Nf6 16. Qxh6 Bf5 17. Bd3 Nc6 18. Ng5+ Ke8 19. a3 Kd7 20. g4 Rh8 21. Qg7 Rhg8 22. Qf7 Raf8 23. Bxf5+ gxf5 24. Qe6+ Kc7 25. Qxf5 Kb8 26. Ne6 Rc8 27. g5 Ne8 28. Rxd5 Qa6 29. Rhd1 Nd6 30. Qf4 Ka8 31. h4 Qe2 32. R5d2 Qh5 33. b3 a6 34. Kb2 Rh8 35. Rd5 Qxh4 36. Qf3 Qh3 37. Qe2 Qxe6 38. f3 Rhg8 39. e4 Ne5 40. Qe3 Nc6 41. R1d2 Nb5 42. f4 Nd6 43. e5 Nf5 44. Qe4 Ng3 45. Qf3 Nf5 46. c3 Rcf8 47. Qe4 Ng3 48. Qf3 Nf5 49. a4 Nh4 50. Qg3 Ng6 51. Rd7 Nxf4 52. Qe3 Nd5 53. R2xd5 Rd8 54. Rxd8+ Rxd8 55. Rxd8+ Nxd8 56. Qf4 Nf7 57. Qe3 Qxe5 58. Qf2 Nxg5 59. Qf8+ Ka7 60. Qf2+ Kb8 61. Qb6 Qd6 62. Qe3 Ne6 63. b4 Nd8 64. Kb3 e5 65. b5 Qe6+ 66. c4 axb5 67. axb5 Nf7 68. Qc5 Nd6 69. b6 Qe7 70. Qd5 e4 71. c5 Qf7 72. Qxf7 Nxf7 73. Kc4 Ng5 74. Kd4 Kc8 75. Ke3 Kd7 76. Kf4 Kc6 77. Kxg5 e3 78. Kf4 e2 0-1

[Event "Titled Tuesday intern op 13th Dec Early"]
[Site "Chess.com INT"]
[Date "2022.12.13"]
[Round "10"]
[White "Moiseenko, Alexander"]
[Black "Gabdrakhmanov, Azat"]
[Result "1-0"]
[WhiteElo "2577"]
[BlackElo "2319"]
[PlyCount "107"]
[EventDate "2022.12.13"]
[EventType "swiss (blitz)"]
[EventRounds "11"]
[EventCountry "USA"]
[SourceTitle "EXT 2024"]
[Source "ChessBase"]
[SourceDate "2023.10.10"]
[SourceVersion "1"]
[SourceVersionDate "2023.10.10"]
[SourceQuality "1"]

1. d4 Nf6 2. Bg5 Ne4 3. Bf4 c5 4. f3 Nf6 5. dxc5 Qa5+ 6. Nc3 Qxc5 7. e4 d6 8. Qd2 Nc6 9. 0-0-0 g6 10. Kb1 Be6 11. Nd5 Bxd5 12. exd5 Ne5 13. Be3 Qc7 14. Bb5+ Ned7 15. Ne2 a6 16. Bxd7+ Qxd7 17. Rhe1 Bg7 18. Bh6 0-0 19. Bxg7 Kxg7 20. g4 Rac8 21. g5 Nh5 22. Ng3 Qh3 23. Nxh5+ Qxh5 24. Rxe7 Rfe8 25. Rxe8 Rxe8 26. Qf4 Re5 27. h4 Rf5 28. Qd4+ f6 29. Qb6 fxg5 30. Qxb7+ Rf7 31. Qxa6 Qxf3 32. Rc1 gxh4 33. Qxd6 h3 34. a4 Qf6 35. Qxf6+ Rxf6 36. Rh1 Rf3 37. a5 g5 38. a6 g4 39. b4 Rf4 40. b5 Rb4+ 41. Kc1 Rxb5 42. d6 Ra5 43. d7 Rxa6 44. d8Q Ra1+ 45. Kb2 Rxh1 46. Qd7+ Kf6 47. Qc6+ Kg5 48. Qxh1 Kf4 49. Qf1+ Kg3 50. Qg1+ Kh4 51. Qf2+ g3 52. Qf4+ Kh5 53. Qxg3 h6 54. Qxh3+ 1-0

[Event "Titled Tuesday intern op 13th Dec Early"]
[Site "Chess.com INT"]
[Date "2022.12.13"]
[Round "5"]
[White "Pakleza, Zbigniew"]
[Black "Gabdrakhmanov, Azat"]
[Result "1/2-1/2"]
[WhiteElo "2496"]
[BlackElo "2319"]
[PlyCount "114"]
[EventDate "2022.12.13"]
[EventType "swiss (blitz)"]
[EventRounds "11"]
[EventCountry "USA"]
[SourceTitle "EXT 2024"]
[Source "ChessBase"]
[SourceDate "2023.10.10"]
[SourceVersion "1"]
[SourceVersionDate "2023.10.10"]
[SourceQuality "1"]

1. d4 Nf6 2. Nf3 g6 3. Bf4 Bg7 4. e3 0-0 5. Be2 d6 6. h3 Nbd7 7. 0-0 c5 8. c3 b6 9. Nbd2 Bb7 10. a4 Ne4 11. Nxe4 Bxe4 12. a5 bxa5 13. Qa4 Rb8 14. Nd2 Ba8 15. Nc4 Bd5 16. Qxa5 Bxc4 17. Bxc4 Rxb2 18. Qxa7 Nb6 19. Ba2 Qa8 20. Bb1 Qxa7 21. Rxa7 Nd5 22. dxc5 dxc5 23. c4 Nxf4 24. exf4 e6 25. g4 Bd4 26. Kg2 Rd2 27. f5 Rb8 28. fxe6 fxe6 29. Ra2 Rbb2 30. Rxb2 Rxb2 31. Be4 Kg7 32. g5 Kf7 33. h4 Ke7 34. Kg3 Kd6 35. f3 Be5+ 36. Kh3 Rh2+ 37. Kg4 Rg2+ 38. Kh3 Rg3+ 39. Kh2 Rxf3+ 40. Kg2 Rxf1 41. Kxf1 Bg3 42. h5 gxh5 43. Bxh7 Bh4 44. Bg6 Bxg5 45. Bxh5 Ke5 46. Bf7 Kf5 47. Ke2 e5 48. Bd5 e4 49. Bg8 Ke5 50. Bd5 Kd4 51. Bg8 e3 52. Bf7 Bf4 53. Bg8 Be5 54. Bf7 Bd6 55. Bg8 Be5 56. Bf7 Bd6 57. Bg8 Be5 1/2-1/2